[Event "Challenge"]
[Site "http://www.queenalice.com/game.php?id=915280"]
[Date "2011.3.20"]
[Round "-"]
[White "MariusLola"]
[Black "jfalstaff"]
[Result "0-1"]
[WhiteElo "1757"]
[BlackElo "1929"]

1. Nf3 Nf6 2. g3 g6 3. Bg2 Bg7 4. d4 d6 5. Nc3 O-O 6. e4 Bg4 7. d5 Nbd7 8. Qd3
Nc5 9. Qb5 Nfxe4 10. Nxe4 Nxe4 11. Qxb7 Qd7 12. c3 Nxc3 13. O-O Ne4 14. Be3 Rfb8
15. Qc6 Qxc6 16. dxc6 Rxb2 17. Bd4 Nc3 18. Bxc3 Bxc3 19. a4 Rab8 20. Ne1 Be2 21.
Nd3 Bxd3 22. Rfc1 Bd4 23. Rd1 Rb1 24. Raxb1 Rxb1 25. Rxb1 Bxb1 26. Kf1 Kg7 27.
f4 f5 28. Ke2 Bc2 29. a5 Bc3 30. a6 Ba4 31. Kd3 Bb4 32. Kc4 Bc5 33. h3 Bd1 34.
Bf1 Kf6 35. Bg2 Be2+ 36. Kd5 e6# 0-1

[Event "What about this time?"]
[Site "http://www.queenalice.com/game.php?id=917083"]
[Date "2011.3.25"]
[Round "-"]
[White "jfalstaff"]
[Black "tcmaclei"]
[Result "1-0"]
[WhiteElo "1927"]
[BlackElo "1500"]

1. e4 e5 2. Nf3 Nc6 3. Bb5 Nge7 4. O-O a6 5. Ba4 b5 6. Bb3 d5 7. exd5 Nxd5 8. d4
Nxd4 9. Nxd4 exd4 10. Qxd4 Bb7 11. Re1+ Ne7 12. Qf4 Bd5 13. Nc3 c6 14. Nxd5 cxd5
15. a4 g6 16. Qf6 Rg8 17. Qc6+ 1-0

[Event "Challenge"]
[Site "http://www.queenalice.com/game.php?id=919451"]
[Date "2011.3.30"]
[Round "-"]
[White "ORNELAS"]
[Black "jfalstaff"]
[Result "0-1"]
[WhiteElo "1642"]
[BlackElo "1945"]

1. e4 e5 2. Bc4 Nf6 3. d3 c6 4. Nf3 d5 5. exd5 cxd5 6. Bb3 Bb4+ 7. c3 Bd6 8. Bg5
Be6 9. Nbd2 O-O 10. O-O Nc6 11. Nh4 Bg4 12. Ndf3 e4 13. dxe4 dxe4 14. h3 Bxf3
15. Nxf3 exf3 16. Qxf3 Be5 17. Rad1 Qa5 18. a3 Bxc3 19. Bxf6 Bxf6 20. Bc2 Nd4
21. Rxd4 Bxd4 22. Qe4 Rfd8 23. Qxh7+ Kf8 24. Qh8+ Ke7 25. Qh4+ Bf6 26. Qe4+ Kf8
27. Qxb7 Rab8 28. Qe4 Rxb2 29. Bd1 Qxa3 30. Bh5 Qd3 31. Qb7 Rxb7 32. Bf3 Rb1 33.
Rxb1 Qxb1+ 34. Kh2 Re8 35. Bc6 Re1 36. Kg3 Qg6+ 37. Kh2 Be5+ 38. g3 Qxc6 39. f3
Qc2# 0-1

[Event "My turn."]
[Site "http://www.queenalice.com/game.php?id=919904"]
[Date "2011.3.31"]
[Round "-"]
[White "tcmaclei"]
[Black "jfalstaff"]
[Result "0-1"]
[WhiteElo "1529"]
[BlackElo "1924"]

1. Nf3 c5 2. c4 Nf6 3. Nc3 g6 4. e4 d6 5. Be2 Nbd7 6. d4 Bg7 7. d5 O-O 8. Bf4
Nh5 9. Qd2 Nxf4 10. Qxf4 Nf6 11. h3 Nh5 12. Qd2 Qa5 13. O-O Bd7 14. Qd3 Rfb8 15.
a4 Nf4 16. Qc2 Nxe2+ 17. Qxe2 a6 18. Rfc1 Qb4 19. Ra3 b5 20. Na2 Qxb2 21. Qd3 b4
22. Rb3 Qxa2 23. Rc2 Qa1+ 24. Kh2 Bxa4 0-1

[Event "Coming back to life"]
[Site "http://www.queenalice.com/game.php?id=924161"]
[Date "2011.4.10"]
[Round "-"]
[White "toniteacher"]
[Black "jfalstaff"]
[Result "1/2-1/2"]
[WhiteElo "1785"]
[BlackElo "1967"]

1. c4 Nf6 2. Nf3 e6 3. g3 b6 4. Bg2 Bb7 5. O-O Be7 6. b3 O-O 7. d4 d5 8. cxd5
Bxd5 9. Nc3 Bb7 10. Bf4 c5 11. e3 Nd5 12. Nxd5 exd5 13. Qc2 Nd7 14. Rad1 Nf6 15.
dxc5 bxc5 16. Be5 Nd7 17. Bb2 Qb6 18. Ne5 Nxe5 19. Bxe5 Qe6 20. Bb2 Rfd8 21.
Rfe1 Rac8 22. Qb1 Bf6 23. Rd2 c4 24. Bxf6 Qxf6 25. bxc4 Ba6 26. Bxd5 Bxc4 27. e4
Bxd5 28. exd5 Qd6 29. Qe4 g6 30. Qd4 Rc5 31. Rde2 Qc6 32. dxc6 Rxd4 33. Re7 Rxc6
34. Rxa7 Rd2 35. h4 Rcc2 36. Rf1 Rxa2 1/2-1/2

[Event "Who knows?"]
[Site "http://www.queenalice.com/game.php?id=925275"]
[Date "2011.4.12"]
[Round "-"]
[White "jfalstaff"]
[Black "tcmaclei"]
[Result "1-0"]
[WhiteElo "1949"]
[BlackElo "1620"]

1. e4 e5 2. Nf3 d6 3. d4 exd4 4. Qxd4 Nc6 5. Bb5 Bd7 6. Bxc6 Bxc6 7. Nc3 Nf6 8.
Bg5 Be7 9. O-O O-O 10. Rfe1 b6 11. Nd5 Nxd5 12. Bxe7 Nxe7 13. Qc3 Bb7 14. Rad1
Qc8 15. h3 f5 16. Qb3+ Kh8 17. e5 Bxf3 18. Qxf3 dxe5 19. Rxe5 Ng6 20. Ree1 c5
21. Rd5 Ne7 22. Rxe7 Rf6 23. Rdd7 a5 24. Rxg7 1-0

[Event "Challenge"]
[Site "http://www.queenalice.com/game.php?id=925740"]
[Date "2011.4.14"]
[Round "-"]
[White "jfalstaff"]
[Black "ymfrancois"]
[Result "1-0"]
[WhiteElo "1952"]
[BlackElo "1866"]

1. e4 e5 2. Nf3 d6 3. d4 exd4 4. Qxd4 Nc6 5. Bb5 Bd7 6. Bxc6 Bxc6 7. Nc3 Nf6 8.
Bg5 Be7 9. O-O O-O 10. Rfe1 Re8 11. Rad1 Ng4 12. Bxe7 Qxe7 13. Nd5 Bxd5 14. exd5
Ne5 15. Nd2 Qf6 16. Re4 Qg6 17. Rde1 Rf8 18. f4 f5 19. R4e3 Ng4 20. Re7 c5 21.
dxc6 bxc6 22. R1e6 Nf6 23. Nc4 Rf7 24. Qxd6 Rd8 25. Qxd8+ Rf8 26. Qd4 1-0

[Event "Rook & Roll"]
[Site "http://www.queenalice.com/game.php?id=926719"]
[Date "2011.4.16"]
[Round "-"]
[White "jfalstaff"]
[Black "tegwar00"]
[Result "1-0"]
[WhiteElo "1965"]
[BlackElo "1316"]

1. e4 c5 2. Nf3 Nc6 3. c3 Nf6 4. e5 Nd5 5. Bc4 e6 6. Bxd5 exd5 7. d4 c4 8. Na3
d6 9. O-O Be7 10. Bf4 f6 11. exf6 Bxf6 12. Re1+ Ne7 13. Bg5 O-O 14. Qe2 h6 15.
Bxf6 gxf6 16. Qxe7 Qd7 17. Re3 Rf7 18. Qxd7 Bxd7 19. Rae1 a6 20. Re7 Bc6 21. Nc2
Ba4 22. Nb4 Bc6 23. Nxc6 bxc6 24. Nh4 Rb8 25. Nf5 Rff8 26. Rg7+ Kh8 27. Ree7
Rfe8 28. Rh7+ Kg8 29. Reg7+ Kf8 30. Rh8# 1-0

[Event "Tie break"]
[Site "http://www.queenalice.com/game.php?id=951472"]
[Date "2011.6.19"]
[Round "-"]
[White "jfalstaff"]
[Black "toniteacher"]
[Result "1-0"]
[WhiteElo "1960"]
[BlackElo "1859"]

1. e4 e5 2. Nf3 Nf6 3. Nxe5 Nxe4 4. Qe2 Qe7 5. Qxe4 d6 6. d4 dxe5 7. dxe5 Qb4+
8. Nc3 Nc6 9. Bd3 Qxe4+ 10. Bxe4 Nxe5 11. Nb5 Bd6 12. O-O Ng4 13. Nxd6+ cxd6 14.
Re1 O-O 15. Bg5 f5 16. Bd5+ Kh8 17. Be7 Re8 18. Bxd6 Rd8 19. Bc7 Rxd5 20. Re8#
1-0

[Event "Dilithium dreams"]
[Site "http://www.queenalice.com/game.php?id=954770"]
[Date "2011.6.28"]
[Round "-"]
[White "jfalstaff"]
[Black "tegwar00"]
[Result "1-0"]
[WhiteElo "1972"]
[BlackElo "1368"]

1. e4 c5 2. Nf3 d6 3. d4 cxd4 4. Nxd4 Nf6 5. Nc3 g6 6. Be3 Bg7 7. f3 O-O 8. Qd2
Nc6 9. Bc4 Bd7 10. O-O-O Rc8 11. Bb3 Ne5 12. h4 h5 13. g4 a6 14. gxh5 Nxh5 15.
Rdg1 b5 16. Nd5 e6 17. Nf4 Nxf4 18. Bxf4 d5 19. h5 dxe4 20. Bxe5 Bxe5 21. hxg6
Kg7 22. Qh6+ Kg8 23. Qh7# 1-0

[Event "Challenge"]
[Site "http://www.queenalice.com/game.php?id=961385"]
[Date "2011.7.17"]
[Round "-"]
[White "ORNELAS"]
[Black "jfalstaff"]
[Result "0-1"]
[WhiteElo "1568"]
[BlackElo "1974"]

1. e4 c5 2. e5 Nc6 3. Nf3 d5 4. Bb5 Bd7 5. d4 Qa5+ 6. Nc3 e6 7. O-O O-O-O 8.
Bxc6 Bxc6 9. Ng5 Qc7 10. dxc5 h6 11. Nf3 Bxc5 12. Be3 Bxe3 13. fxe3 Ne7 14. b4
d4 15. exd4 Nf5 16. b5 Bxf3 17. Qxf3 Nxd4 18. Qf2 Qxc3 19. a4 Rhf8 20. b6 a6 21.
a5 Nc6 22. Kh1 Rd2 23. Qf3 Qxe5 24. Rae1 Qd5 25. Qg3 Qd8 26. c4 e5 27. Qg4+ Kb8
28. Qxg7 Rg8 29. Qxf7 Rgxg2 30. Qf8 Rxh2+ 31. Kg1 Rdg2# 0-1

[Event "Working a bit harder..."]
[Site "http://www.queenalice.com/game.php?id=965627"]
[Date "2011.7.28"]
[Round "-"]
[White "toniteacher"]
[Black "jfalstaff"]
[Result "0-1"]
[WhiteElo "1755"]
[BlackElo "1985"]

1. Nf3 c5 2. c4 Nc6 3. g3 Nf6 4. Bg2 d6 5. O-O g6 6. Nc3 Bg7 7. b3 O-O 8. Bb2 a6
9. e3 Bf5 10. d3 Ng4 11. e4 Bd7 12. Rb1 e6 13. Bh3 Nge5 14. Nxe5 Nxe5 15. a4 Nc6
16. Ne2 Bxb2 17. Rxb2 b5 18. cxb5 axb5 19. Ra2 Nb4 20. Ra3 bxa4 21. bxa4 Qf6 22.
Nc3 Qd4 23. Ne2 Qb2 24. Rb3 Qa2 25. Nc3 Qc2 26. Ra3 Qxd3 27. Qxd3 Nxd3 28. a5
Rfb8 29. a6 Nb4 30. Rd1 Rb6 31. a7 Nc2 32. Ra5 Nd4 33. Bg2 e5 34. f4 Rb7 35.
Rda1 Nb3 36. fxe5 dxe5 0-1

[Event "Challenge"]
[Site "http://www.queenalice.com/game.php?id=975231"]
[Date "2011.8.21"]
[Round "-"]
[White "ymfrancois"]
[Black "jfalstaff"]
[Result "1-0"]
[WhiteElo "1883"]
[BlackElo "2040"]

1. e4 e5 2. Nf3 Nc6 3. d4 exd4 4. Nxd4 Nf6 5. Nc3 Bb4 6. Bg5 Qe7 7. Bxf6 Qxf6 8.
a3 Bc5 9. Nd5 Qxd4 10. Qxd4 Nxd4 11. Rd1 Ne6 12. Bc4 b5 13. Bb3 Bb7 14. Nc3 O-O
15. Bxe6 fxe6 16. O-O Bc6 17. b4 Bb6 18. Rd2 Rf7 19. Kh1 Raf8 20. f3 a5 21. Re1
d5 22. exd5 exd5 23. Nxd5 Rd7 24. Ne7+ Kf7 25. Rxd7 Bxd7 26. Nd5 Re8 27. Rd1 a4
28. Nxb6 cxb6 29. Rxd7+ Re7 30. Rxe7+ Kxe7 31. Kg1 Ke6 32. Kf2 Kd5 33. Ke3 Kc4
34. Kd2 Kd4 35. g3 Kc4 36. f4 Kd4 37. g4 Ke4 38. f5 Kf4 39. h3 h6 40. Kd3 Ke5
41. c4 h5 42. cxb5 hxg4 43. hxg4 Kf4 44. Kd4 Kxg4 45. Ke5 Kg5 46. Ke6 Kf4 47. f6
gxf6 48. Kxf6 1-0

[Event "Challenge"]
[Site "http://www.queenalice.com/game.php?id=975232"]
[Date "2011.8.21"]
[Round "-"]
[White "jfalstaff"]
[Black "tatianamilu"]
[Result "1-0"]
[WhiteElo "2021"]
[BlackElo "1988"]

1. e4 e5 2. Nf3 d6 3. d4 exd4 4. Nxd4 Nf6 5. Nc3 Be7 6. Bf4 a6 7. Qd2 Nc6 8.
Nxc6 bxc6 9. Bc4 O-O 10. O-O-O Nd7 11. g4 Nb6 12. Be2 Be6 13. h4 d5 14. Qe3 Qc8
15. h5 dxe4 16. g5 Bf5 17. h6 Qe6 18. hxg7 Kxg7 19. Kb1 Kg8 20. Bxc7 Nd5 21.
Nxd5 cxd5 22. Qf4 Bg6 23. Bg4 Qc6 24. Be5 Rad8 25. Rdg1 d4 26. Bf5 d3 27. cxd3
Rxd3 28. Rxh7 Bxh7 29. Bxh7+ Kxh7 30. Rh1+ 1-0

[Event "Challenge"]
[Site "http://www.queenalice.com/game.php?id=975233"]
[Date "2011.8.21"]
[Round "-"]
[White "betofortaleza"]
[Black "jfalstaff"]
[Result "0-1"]
[WhiteElo "1804"]
[BlackElo "1976"]

1. e4 e5 2. Nf3 Nc6 3. d4 exd4 4. Nxd4 Nf6 5. Bb5 Nxe4 6. O-O Qf6 7. Bxc6 dxc6
8. Qe2 Qxd4 9. Nd2 f5 10. c3 Qe5 11. f3 Bc5+ 12. Kh1 Ng3+ 0-1

[Event "Challenge"]
[Site "http://www.queenalice.com/game.php?id=975235"]
[Date "2011.8.21"]
[Round "-"]
[White "carver"]
[Black "jfalstaff"]
[Result "0-1"]
[WhiteElo "1992"]
[BlackElo "1992"]

1. d4 Nf6 2. c4 c5 3. d5 b5 4. b3 d6 5. h3 bxc4 6. bxc4 g6 7. Bb2 Bg7 8. Nd2 Qa5
9. Qb3 Nbd7 10. Qb5 Qd8 11. Qa4 O-O 12. Rb1 Nb6 13. Qc2 Bd7 14. Ngf3 Na4 15. e4
Nxb2 16. Rxb2 Qa5 17. Bd3 Ba4 18. Qc1 Nh5 19. Rb1 Nf4 20. Bc2 Bxc2 21. Qxc2
Nxg2+ 22. Kf1 Nf4 23. Rb5 Qa3 24. Qb3 Qc1+ 25. Qd1 Qxd1+ 0-1

[Event "Let's Play Chess!"]
[Site "http://www.queenalice.com/game.php?id=978911"]
[Date "2011.8.30"]
[Round "-"]
[White "jfalstaff"]
[Black "FeralChild"]
[Result "1-0"]
[WhiteElo "2033"]
[BlackElo "1959"]

1. e4 e6 2. d4 d5 3. exd5 exd5 4. Bd3 Nf6 5. Nf3 c5 6. c3 Nc6 7. Bg5 Be6 8. O-O
h6 9. Bh4 c4 10. Bc2 Be7 11. Nbd2 O-O 12. Re1 Qd7 13. Ba4 a6 14. Ne5 b5 15. Nxd7
Bxd7 16. Bc2 Rfe8 17. Nf3 Be6 18. Qd2 b4 19. Re2 a5 20. Rae1 Reb8 21. Rxe6 fxe6
22. Rxe6 Kf7 23. Rxc6 Rb5 24. Ne5+ Ke8 25. Bg6+ Kf8 26. Bxf6 Bxf6 27. Nd7+ Ke7
28. Qe3+ Kxd7 29. Qe6+ Kd8 30. Qe8# 1-0

[Event "Let's Play Chess!"]
[Site "http://www.queenalice.com/game.php?id=978913"]
[Date "2011.8.30"]
[Round "-"]
[White "FeralChild"]
[Black "jfalstaff"]
[Result "0-1"]
[WhiteElo "1860"]
[BlackElo "2046"]

1. c4 Nf6 2. g3 g6 3. Bg2 Bg7 4. Nc3 O-O 5. d3 d6 6. Bg5 Nbd7 7. e3 c6 8. Nge2
h6 9. Bxf6 Nxf6 10. O-O e5 11. Rb1 Bf5 12. b4 Re8 13. b5 d5 14. cxd5 cxd5 15.
Rb3 d4 16. exd4 exd4 17. Ne4 Nxe4 18. dxe4 Bxe4 19. Bxe4 Rxe4 20. Nf4 Rc8 21.
Nd3 Rc3 22. f3 Re3 23. Nb2 Rxb3 24. Nc4 Rbd3 25. Nxe3 Rxe3 26. Rf2 d3 27. Rd2
Bc3 28. Rf2 Re1+ 29. Qxe1 Bxe1 30. Rf1 d2 31. Rxe1 dxe1=Q+ 32. Kg2 Qdd2+ 33. Kh3
Qf1+ 34. Kg4 Qg5# 0-1

[Event "Never hard enough..."]
[Site "http://www.queenalice.com/game.php?id=981404"]
[Date "2011.9.5"]
[Round "-"]
[White "jfalstaff"]
[Black "toniteacher"]
[Result "1-0"]
[WhiteElo "2008"]
[BlackElo "1762"]

1. e4 e5 2. Nc3 Nf6 3. Bc4 Be7 4. f4 d6 5. Nf3 Nc6 6. O-O exf4 7. d4 Bg4 8. Bxf4
O-O 9. Qd3 Nb4 10. Qd2 d5 11. exd5 Nbxd5 12. Nxd5 Nxd5 13. Rae1 Nxf4 14. Qxf4
Bxf3 15. Qxf3 Qxd4+ 16. Kh1 Bc5 17. Bxf7+ Rxf7 18. Qxf7+ 1-0

[Event "Challenge"]
[Site "http://www.queenalice.com/game.php?id=984403"]
[Date "2011.9.12"]
[Round "-"]
[White "jfalstaff"]
[Black "carver"]
[Result "1/2-1/2"]
[WhiteElo "2026"]
[BlackElo "2041"]

1. e4 e5 2. Nf3 Nc6 3. Bc4 h6 4. d4 d6 5. Nc3 Bg4 6. h3 Bxf3 7. Qxf3 Nf6 8. d5
Nd4 9. Qd3 a6 10. Be3 Be7 11. Bxd4 exd4 12. Qxd4 O-O 13. O-O-O Nd7 14. f4 Bf6
15. Qd2 Nc5 16. Kb1 Bxc3 17. Qxc3 Nxe4 18. Qd4 Re8 19. Rhe1 Nf6 20. g4 Qd7 21.
Bd3 Rxe1 22. Rxe1 Re8 23. Rxe8+ Qxe8 24. b3 Qe1+ 25. Kb2 Qa5 26. Be4 Qc5 27.
Qxc5 dxc5 28. d6 cxd6 29. Bxb7 a5 30. c4 Kf8 31. Kc3 Ke7 32. Bf3 Nd7 33. h4 Nf8
34. f5 Nd7 35. g5 Ne5 36. Bd5 hxg5 37. hxg5 f6 1/2-1/2

[Event "Unforgivable"]
[Site "http://www.queenalice.com/game.php?id=986618"]
[Date "2011.9.18"]
[Round "-"]
[White "toniteacher"]
[Black "jfalstaff"]
[Result "0-1"]
[WhiteElo "1724"]
[BlackElo "2036"]

1. Nf3 c5 2. g3 Nf6 3. Bg2 d5 4. O-O Nc6 5. c3 e5 6. d4 cxd4 7. cxd4 e4 8. Ne1
Bd6 9. e3 O-O 10. f3 exf3 11. Nxf3 Bg4 12. Nbd2 Ne4 13. Qb3 Be6 14. Qxb7 Rc8 15.
Qb3 Rb8 16. Qd1 Re8 17. Nxe4 dxe4 18. d5 Bg4 19. dxc6 exf3 20. Bxf3 Bxf3 21.
Qxf3 f6 22. Rd1 Qe7 23. Qd5+ Kh8 24. Qxd6 Rbd8 25. Qxd8 Rxd8 26. Rxd8+ Qxd8 27.
Kf2 Qd6 28. a4 Qxc6 29. b4 Qc2+ 30. Kg1 Qc3 31. Rb1 Qe1+ 32. Kg2 Qe2+ 33. Kg1
Qd1+ 0-1

[Event "Challenge"]
[Site "http://www.queenalice.com/game.php?id=986812"]
[Date "2011.9.18"]
[Round "-"]
[White "albemo"]
[Black "jfalstaff"]
[Result "0-1"]
[WhiteElo "1778"]
[BlackElo "2014"]

1. c4 Nf6 2. Nc3 g6 3. d4 c5 4. d5 e6 5. dxe6 fxe6 6. Nf3 Nc6 7. Bg5 Bg7 8. Ne4
O-O 9. Bxf6 Bxf6 10. Nxf6+ Qxf6 11. Qd2 Nd4 12. Nxd4 Qxf2+ 13. Kd1 cxd4 14. Kc2
d5 15. Rd1 e5 16. g3 Bf5+ 17. Kc1 Rac8 18. e4 Bxe4 19. Qxf2 Rxf2 0-1

[Event "Revenge?"]
[Site "http://www.queenalice.com/game.php?id=994253"]
[Date "2011.10.6"]
[Round "-"]
[White "jfalstaff"]
[Black "tcmaclei"]
[Result "1-0"]
[WhiteElo "2027"]
[BlackElo "1786"]

1. e4 e5 2. Nf3 d6 3. d4 Nf6 4. dxe5 Nxe4 5. Qd5 Nc5 6. Bg5 Be7 7. exd6 cxd6 8.
Nc3 Be6 9. Bb5+ Nbd7 10. Qd2 a6 11. Bxd7+ Qxd7 12. Bxe7 Qxe7 13. O-O-O O-O 14.
Rhe1 Rad8 15. b4 Nd7 16. Nd5 Qe8 17. Nc7 Qe7 18. Nxe6 fxe6 19. Qxd6 Qxd6 20.
Rxd6 1-0

[Event "Challenge"]
[Site "http://www.queenalice.com/game.php?id=995488"]
[Date "2011.10.9"]
[Round "-"]
[White "jfalstaff"]
[Black "albemo"]
[Result "1-0"]
[WhiteElo "2018"]
[BlackElo "1808"]

1. e4 e5 2. Nf3 Nf6 3. Nxe5 d6 4. Nf3 Nxe4 5. Qe2 Qe7 6. d3 Nf6 7. Bg5 Qxe2+ 8.
Bxe2 Be7 9. O-O O-O 10. Nc3 Be6 11. Rfe1 Nbd7 12. Nd4 Ne8 13. Bxe7 1-0